00852nam a2200217 a 450000100100000000500170001000800410002702000150006804000250008308200160010810000390012424501190016326000750028230000360035749000320039370000300042583000390045504900090049495201140050399900170061700002257620200930021702.0101013s2004 cu ac 001 0 spa d a1890829250 aDO-SdBNPbspacBNPHU axxxxbH557j1 aHernández Trujillo, Frank94646610aJuicios a opositores pacíficos en Cuba :bterrorismo de Estado /cFrank Hernández Trujillo, Juan F. Benemelis. aMiami :bGrupo de Apollo a la Democracia (GAD),c2004.fRodes Printing a396 p. :bil., retrs. ;c28 cm.1 aDocumentos para la Historia1 aBenemelis, Juan F.946467 0aDocumentos para la Historia946468 aBNPD 001050718MOaGRbGRcCTd2010-10-13iLF1l0oxxxx H557jp22576-10r2020-06-25w2020-06-25y1ZNo se presta c22073d22073